LEADER 00970nam0-22002891i-450- 001 990008024300403321 005 20050506111543.0 010 $a9041119221$balk. paper 035 $a000802430 035 $aFED01000802430 035 $a(Aleph)000802430FED01 035 $a000802430 100 $a20050315d2002----km-y0itay50------ba 101 0 $aeng 102 $aUS 105 $ay---n---001yy 200 1 $a<>rights of immigrant workers in the European Union$ean evaluation of the EU public policy process and the legal status of labour immigrants from the Maghreb countries in the new receiving states$fby Joanna Apap 210 $aBoston$cKluwer Law International$d2002 676 $a323.3$v20$zita 700 1$aApap,$bJoanna$0285982 801 0$aIT$bUNINA$gRICA$2UNIMARC 901 $aBK 912 $a990008024300403321 952 $aH 302$bs.i.$fDSI 959 $aDSI 996 $aRights of immigrant workers in the European Union$9754807 997 $aUNINA